| 000 | 00722nam a2200217Ii 4500 | ||
|---|---|---|---|
| 001 | 15125 | ||
| 003 | CO-ViMGA | ||
| 008 | 241108s9999||||xx |||||||||||||| ||und|| | ||
| 020 | _a9789588471457 | ||
| 040 |
_aCO-ViMGA _bspa _erda _cCO-ViMGA |
||
| 041 | 0 | _aspa | |
| 082 | 0 | 4 | _a923.286120 A91i |
| 100 | 1 |
_aGilberto Alzate Avendaño _947350 |
|
| 245 | 1 | 0 |
_aInventando al Mariscal : _bGilberto Alzate Avendaño, circularidad ideológica y mímenis política |
| 264 | 1 | _aBogotá, Colombia : Fundación Gilberto Alzate Avendaño, 2010 | |
| 300 | _avolumen | ||
| 336 |
_atext _btxt _2rdacontent |
||
| 337 |
_aunmediated _bn _2rdamedia |
||
| 338 |
_avolume _bnc _2rdacarrier |
||
| 940 | _aidficha_siabuc: 14812. -- ficha_no_siabuc:15125 | ||
| 999 |
_c41934 _d41934 |
||